Electronic resume revolution : (Record no. 11263)

000 -LEADER
fixed length control field 00597cam a2200193 a 4500
020 ## - INTERNATIONAL STANDARD BOOK NUMBER
ISBN 0471598224 (cloth : acidfree paper)
020 ## - INTERNATIONAL STANDARD BOOK NUMBER
ISBN 0471598232 (pbk. : acidfree paper)
040 ## - CATALOGING SOURCE
Transcribing agency DLC
082 00 - DEWEY DECIMAL CLASSIFICATION NUMBER
Classification number 650 WIL 1994
100 1# - MAIN ENTRY--AUTHOR NAME
Personal name Kennedy, Joyce Lain.
245 10 - TITLE STATEMENT
Title Electronic resume revolution :
Remainder of title create a winning resume for the new world of job seeking /
260 ## - PUBLICATION, DISTRIBUTION, ETC. (IMPRINT)
Place of publication New York :
Name of publisher J. Wiley,
Year of publication c1994.
300 ## - PHYSICAL DESCRIPTION
Number of Pages xvii, 233 p. ;
Dimensions 26 cm.
500 ## - GENERAL NOTE
General note Includes index.
650 #0 - SUBJECT ADDED ENTRY--TOPICAL TERM
Topical Term Resumés (Employment)
650 #0 - SUBJECT ADDED ENTRY--TOPICAL TERM
Topical Term Resumés (Employment)
700 1# - ADDED ENTRY--PERSONAL NAME
Personal name Morrow, Thomas J.
942 ## - ADDED ENTRY ELEMENTS (KOHA)
Koha item type សៀវភៅភាសាអង់គ្លេស
952 ## - LOCATION AND ITEM INFORMATION (KOHA)
Withdrawn status [LOCAL, KOHA] 0
Holdings
Permanent Location Date acquired Koha item type Lost status Shelving location Barcode Current Location Full call number
Library Block A2017-07-25សៀវភៅភាសាអង់គ្លេស A036A09979Library Block A650 WIL 1994 A036 Or.
មជ្ឈមណ្ឌលឯការនៃសាកលវិទ្យាល័យភូមិន្ទកសិកម្មចំការដូង

Powered by Koha